| Tag |
First Indicator |
Second Indicator |
Subfields |
| LEADER |
00000cam a2200000 a 4500 |
| 001 |
in00005702000 |
| 005 |
20260318172623.3 |
| 006 |
m o d |
| 007 |
cr unu|||||||| |
| 008 |
070612s2007 enk ob 001 0 eng d |
| 040 |
|
|
|a CLU
|b eng
|e pn
|c CLU
|d N$T
|d YDXCP
|d IDEBK
|d UBY
|d OCLCQ
|d E7B
|d OCLCQ
|d OCLCF
|d OCLCA
|d OCLCQ
|d OCLCO
|d AUD
|d YNG
|d ZCU
|d N#Z
|d OCLCQ
|d STBDS
|d FIE
|d OCLCQ
|d YOU
|d OCLCA
|d OL$
|d OCLCO
|d OCLCQ
|d OCLCA
|d UAB
|d OCLCQ
|d OCLCO
|d OCLCQ
|d OCLCO
|d OCLCL
|d OCLCQ
|d OCLCL
|d OCLCO
|
| 016 |
7 |
|
|z 013572505
|2 Uk
|
| 019 |
|
|
|a 191672808
|a 191826497
|a 318618320
|a 648361179
|a 666904314
|a 827900945
|a 1256362468
|
| 020 |
|
|
|a 9781435622999
|q (electronic bk.)
|
| 020 |
|
|
|a 1435622995
|q (electronic bk.)
|
| 020 |
|
|
|z 0199296731
|q (hbk. ;
|q alk. paper)
|
| 020 |
|
|
|z 9780199296736
|q (hbk. ;
|q alk. paper)
|
| 035 |
|
|
|a (OCoLC)143838879
|z (OCoLC)191672808
|z (OCoLC)191826497
|z (OCoLC)318618320
|z (OCoLC)648361179
|z (OCoLC)666904314
|z (OCoLC)827900945
|z (OCoLC)1256362468
|
| 050 |
|
4 |
|a BM496.6
|b .S36 2007eb
|
| 072 |
|
7 |
|a REL
|x 064000
|2 bisacsh
|
| 082 |
0 |
4 |
|a 296.1/2061
|2 22
|
| 084 |
|
|
|a 11.21
|2 bcl
|
| 084 |
|
|
|a BD 3300
|2 rvk
|
| 049 |
|
|
|a TXAM
|
| 100 |
1 |
|
|a Samely, Alexander.
|1 https://id.oclc.org/worldcat/entity/E39PCjGqqyW73RKkTHY9kFYwYP
|
| 245 |
1 |
0 |
|a Forms of rabbinic literature and thought :
|b an introduction /
|c Alexander Samely.
|
| 260 |
|
|
|a Oxford ;
|a New York :
|b Oxford University Press,
|c 2007.
|
| 300 |
|
|
|a 1 online resource (279 pages)
|
| 336 |
|
|
|a text
|b txt
|2 rdacontent
|
| 337 |
|
|
|a computer
|b c
|2 rdamedia
|
| 338 |
|
|
|a online resource
|b cr
|2 rdacarrier
|
| 504 |
|
|
|a Includes bibliographical references (pages 239-254) and indexes.
|
| 520 |
8 |
|
|a Surveying the corpus of rabbinic literature, written in Hebrew and Aramaic and which contains the foundations of Judaism, in particular the Talmud, this book explains why the character of the texts is crucial to an understanding of rabbinic thought, and why they pose problems to modern, Western-educated readers.
|
| 588 |
0 |
|
|a Print version record.
|
| 650 |
|
0 |
|a Rabbinical literature
|x History and criticism.
|
| 650 |
|
6 |
|a Littérature rabbinique
|x Histoire et critique.
|
| 650 |
|
7 |
|a RELIGION
|x Judaism
|x Talmud.
|2 bisacsh
|
| 650 |
|
7 |
|a Rabbinical literature
|2 fast
|
| 650 |
|
7 |
|a Rabbinische Literatur
|2 gnd
|
| 650 |
1 |
7 |
|a Rabbijnse literatuur.
|2 gtt
|
| 655 |
|
7 |
|a Electronic books.
|2 local
|
| 655 |
|
7 |
|a Criticism, interpretation, etc.
|2 fast
|
| 655 |
|
7 |
|a Einführung.
|2 swd
|
| 710 |
2 |
|
|a Oxford University Press.
|1 https://id.oclc.org/worldcat/entity/E39QH7JmqydQRq3jgM89g7d7gg
|
| 758 |
|
|
|i has work:
|a Forms of rabbinic literature and thought (Text)
|1 https://id.oclc.org/worldcat/entity/E39PCGT4dBybFBFcCWJ3hWmxcP
|4 https://id.oclc.org/worldcat/ontology/hasWork
|
| 776 |
0 |
8 |
|i Print version:
|a Samely, Alexander.
|t Forms of rabbinic literature and thought.
|d Oxford ; New York : Oxford University Press, 2007
|z 0199296731
|w (DLC) 2006039412
|w (OCoLC)76937306
|
| 856 |
4 |
0 |
|u http://proxy.library.tamu.edu/login?url=https://academic.oup.com/book/4801
|z Connect to the full text of this electronic book
|t 0
|
| 955 |
|
|
|a Oxford Scholarship Online
|
| 994 |
|
|
|a 92
|b TXA
|
| 999 |
f |
f |
|i fa87dcdf-2cea-485f-903b-30967dd8f421
|s cd3b472b-4ab6-46d2-a071-a950025aaada
|t 0
|
| 952 |
f |
f |
|a Texas A&M University
|b College Station
|c Electronic Resources
|s www_evans
|d Available Online
|t 0
|e BM496.6 .S36 2007eb
|h Library of Congress classification
|
| 998 |
f |
f |
|a BM496.6 .S36 2007eb
|t 0
|l Available Online
|